[Event "Polanica Zdroj op-B 45th"]
[Site "Polanica Zdroj"]
[Date "2009.08.24"]
[Round "7"]
[White "Spyra, Wojciech"]
[Black "Warchol, Maria"]
[Result "0-1"]
[WhiteElo "2000"]
[BlackElo "1834"]
[PlyCount "44"]
[EventDate "2009.08.18"]
[EventType "swiss"]
[EventRounds "10"]
[EventCountry "POL"]
[SourceTitle "CBM 131 Extra"]
[Source "ChessBase"]
[SourceDate "2009.09.03"]
[SourceVersion "2"]
[SourceVersionDate "2009.09.16"]
[SourceQuality "1"]

1. e4 e6 2. d4 d5 3. Nc3 Bb4 4. Bd3 c5 5. a3 Bxc3+ 6. bxc3 Ne7 7. Nf3 Nbc6 8. 0-0 b6 9. Ng5 f6 10. exd5 Qxd5 11. Be4 Qd6 12. Nxh7 f5 13. Qh5+ Kd8 14. dxc5 Qxc5 15. Rd1+ Bd7 16. Be3 Qc4 17. Bf3 Kc7 18. Bg5 Qc5 19. Qh4 Ng6 20. Qg3+ Qe5 21. Rxd7+ Kxd7 22. Qh3 Kc7 0-1

[Event "Wisla op"]
[Site "Wisla"]
[Date "2009.05.05"]
[Round "3"]
[White "Spyra, Wojciech"]
[Black "Szymanski, Leszek"]
[Result "1-0"]
[WhiteElo "2000"]
[BlackElo "1847"]
[PlyCount "73"]
[EventDate "2009.05.04"]
[EventType "swiss"]
[EventRounds "11"]
[EventCountry "POL"]
[SourceTitle "EXT 2012"]
[Source "ChessBase"]
[SourceDate "2011.11.24"]
[SourceVersion "1"]
[SourceVersionDate "2011.11.24"]
[SourceQuality "1"]

1. e4 c5 2. Nc3 e6 3. Nge2 Nc6 4. d4 cxd4 5. Nxd4 Nf6 6. Ndb5 d6 7. Bf4 e5 8. Bg5 a6 9. Bxf6 gxf6 10. Na3 Be6 11. Nc4 b5 12. Ne3 h5 13. Ncd5 Rc8 14. a4 Qa5+ 15. c3 b4 16. Be2 bxc3 17. bxc3 Nd4 18. 0-0 Nxe2+ 19. Qxe2 Be7 20. Rad1 Bxd5 21. Nxd5 Kd7 22. Qf3 Qd8 23. Rd3 Rh6 24. Qe3 Rg6 25. Qh3+ Ke8 26. Qxh5 Bf8 27. Qf5 Bg7 28. Rg3 Rg5 29. Qh7 Bf8 30. h4 Rxg3 31. fxg3 Be7 32. Qg8+ Kd7 33. Qg4+ Ke8 34. h5 Rc5 35. h6 Qc8 36. Qg8+ Kd7 37. Nb6+ 1-0

[Event "Rowy op-A 17th"]
[Site "Rowy"]
[Date "2008.06.21"]
[Round "8.16"]
[White "Stankiewicz, Edward"]
[Black "Spyra, Wojciech"]
[Result "0-1"]
[WhiteElo "1899"]
[BlackElo "2020"]
[PlyCount "45"]
[EventDate "2008.06.14"]
[EventType "swiss"]
[EventRounds "9"]
[EventCountry "POL"]
[SourceTitle "EXT 2023"]
[Source "ChessBase"]
[SourceDate "2022.10.05"]
[SourceVersion "1"]
[SourceVersionDate "2022.10.05"]
[SourceQuality "1"]

1. e4 e5 2. Nf3 Nc6 3. Bb5 a6 4. Ba4 Nf6 5. 0-0 Be7 6. Re1 b5 7. Bb3 d6 8. h3 Na5 9. c3 Nxb3 10. Qxb3 Bb7 11. Qc2 0-0 12. d4 Nd7 13. Be3 Bf6 14. Nbd2 Re8 15. b3 d5 16. exd5 Bxd5 17. c4 Bb7 18. d5 c6 19. dxc6 Bxc6 20. Ne4 Be7 21. cxb5 Bxb5 22. Rad1 Rc8 23. Qb2 0-1

[Event "Rowy op-A 17th"]
[Site "Rowy"]
[Date "2008.06.15"]
[Round "2.8"]
[White "Pietruszewski, Marcin"]
[Black "Spyra, Wojciech"]
[Result "1-0"]
[WhiteElo "1886"]
[BlackElo "2020"]
[PlyCount "80"]
[EventDate "2008.06.14"]
[EventType "swiss"]
[EventRounds "9"]
[EventCountry "POL"]
[SourceTitle "EXT 2023"]
[Source "ChessBase"]
[SourceDate "2022.10.05"]
[SourceVersion "1"]
[SourceVersionDate "2022.10.05"]
[SourceQuality "1"]

1. e4 e5 2. Nf3 Nc6 3. Bb5 a6 4. Bxc6 dxc6 5. 0-0 f6 6. d4 exd4 7. Nxd4 c5 8. Ne2 Qxd1 9. Rxd1 Bg4 10. Nbc3 Bd6 11. h3 Bh5 12. g4 Bf7 13. Bf4 0-0-0 14. Nd5 Bxd5 15. Rxd5 Ne7 16. Rdd1 Nc6 17. c3 Rhe8 18. f3 Ne5 19. Kf2 Rh8 20. Bxe5 Bxe5 21. f4 Bd6 22. h4 h5 23. g5 Rde8 24. Kf3 fxg5 25. hxg5 g6 26. Rh1 Rhf8 27. Raf1 Rf7 28. Rh4 Ref8 29. Ke3 Be7 30. Rd1 Rd8 31. Rhh1 Rdf8 32. Rd5 Rd8 33. Rxd8+ Kxd8 34. c4 Bf8 35. Ng1 Bg7 36. e5 Rd7 37. Nf3 Ke8 38. Ke4 Rf7 39. Ke3 Rd7 40. b3 Kf7 1-0

[Event "IPCA Wch-B 8th"]
[Site "Wisla"]
[Date "2007.05.22"]
[Round "8"]
[White "Spyra, Wojciech"]
[Black "Krawczyk, Wieslaw"]
[Result "0-1"]
[WhiteElo "2043"]
[BlackElo "2116"]
[PlyCount "74"]
[EventDate "2007.05.15"]
[EventType "swiss"]
[EventRounds "9"]
[EventCountry "POL"]
[SourceTitle "EXT 2011"]
[Source "ChessBase"]
[SourceDate "2010.11.26"]
[SourceVersion "1"]
[SourceVersionDate "2010.11.26"]
[SourceQuality "1"]

1. e4 e5 2. Nf3 f5 3. Nxe5 Nf6 4. Nc3 d6 5. Nc4 fxe4 6. d4 d5 7. Ne5 c6 8. Be2 Bd6 9. Bg5 0-0 10. Ng4 Nbd7 11. Qd2 b5 12. 0-0 Qc7 13. h3 Nxg4 14. Bxg4 Nf6 15. Be2 Be6 16. Nd1 h6 17. Be3 Rae8 18. b3 Nh7 19. c4 bxc4 20. bxc4 Qf7 21. f4 exf3 22. Rxf3 Qe7 23. Rb1 dxc4 24. Rc1 Bd5 25. Rxf8+ Nxf8 26. Bxc4 Ng6 27. Bxd5+ cxd5 28. Qe2 Qh4 29. Qf2 Bg3 30. Qf3 Nf4 31. Nf2 Rxe3 32. Qxe3 Bxf2+ 33. Qxf2 Qxf2+ 34. Kxf2 Nd3+ 35. Kf3 Nxc1 36. Kf4 Nxa2 37. Ke5 Nc3 0-1

[Event "IPCA Wch-B 8th"]
[Site "Wisla"]
[Date "2007.05.18"]
[Round "4"]
[White "Spyra, Wojciech"]
[Black "Galka, Kazimierz"]
[Result "1-0"]
[WhiteElo "2043"]
[BlackElo "1884"]
[PlyCount "58"]
[EventDate "2007.05.15"]
[EventType "swiss"]
[EventRounds "9"]
[EventCountry "POL"]
[SourceTitle "EXT 2011"]
[Source "ChessBase"]
[SourceDate "2010.11.26"]
[SourceVersion "1"]
[SourceVersionDate "2010.11.26"]
[SourceQuality "1"]

1. e4 e5 2. Nf3 Nc6 3. Bb5 a6 4. Ba4 Nf6 5. 0-0 Be7 6. Bxc6 dxc6 7. d3 Bg4 8. Nbd2 0-0 9. Nc4 Nd7 10. Bd2 f6 11. Ne3 f5 12. exf5 Bxf5 13. Nxf5 Rxf5 14. Bc3 Bd6 15. Qe2 Qe8 16. Rfe1 Qh5 17. Nd2 Qg6 18. Ne4 Raf8 19. Rf1 b5 20. Rae1 b4 21. Bd2 a5 22. Ng3 R5f7 23. Qe4 Qxe4 24. Nxe4 h6 25. Be3 Nf6 26. Nxf6+ Rxf6 27. Re2 c5 28. b3 a4 29. Rc1 a3 1-0

[Event "POL-chT 58th 2nd League"]
[Site "Wisla"]
[Date "2002.??.??"]
[Round "?"]
[White "Czekalski, Adam"]
[Black "Spyra, Wojciech"]
[Result "0-1"]
[WhiteElo "2138"]
[BlackElo "2127"]
[PlyCount "40"]
[EventDate "2002.08.30"]
[EventType "team-swiss"]
[EventRounds "11"]
[EventCountry "POL"]
[SourceTitle "EXT 2019"]
[Source "ChessBase"]
[SourceDate "2018.10.10"]
[SourceVersion "1"]
[SourceVersionDate "2018.10.10"]
[SourceQuality "1"]
[BlackTeam "Prudnik LKS Zarzewie"]
[BlackTeamCountry "POL"]

1. d4 d5 2. Nf3 Nf6 3. c4 e6 4. g3 Be7 5. Nbd2 0-0 6. Qc2 Na6 7. a3 c5 8. dxc5 Nxc5 9. Bg2 Bd7 10. Ne5 Be8 11. 0-0 Rc8 12. b3 dxc4 13. Ndxc4 b5 14. Ne3 Bd6 15. Bb2 Na4 16. Qb1 Nxb2 17. Qxb2 Nd7 18. Nc6 Qb6 19. Rac1 Nc5 20. Rfd1 Rxc6 0-1

[Event "POL-chT2"]
[Site "Augustow"]
[Date "1997.??.??"]
[Round "?"]
[White "Bukojemski, Adam"]
[Black "Spyra, Wojciech"]
[Result "0-1"]
[WhiteElo "2085"]
[BlackElo "2180"]
[PlyCount "122"]
[EventDate "1997.??.??"]
[EventType "team-tourn"]
[EventRounds "9"]
[EventCountry "POL"]
[SourceTitle "EXT 2003"]
[Source "ChessBase"]
[SourceDate "2002.11.25"]
[SourceVersion "1"]
[SourceVersionDate "2002.11.25"]
[SourceQuality "1"]

1. e4 e5 2. Nf3 Nc6 3. Bb5 a6 4. Ba4 Nf6 5. 0-0 Be7 6. Re1 b5 7. Bb3 d6 8. h3 Na5 9. c3 Nxb3 10. Qxb3 Bb7 11. d3 0-0 12. Nbd2 Nd7 13. d4 Bf6 14. Nf1 c5 15. Qd1 Qb6 16. Be3 Bxe4 17. dxc5 Qb7 18. cxd6 Rfd8 19. N1d2 Bd5 20. Nb3 a5 21. Qe2 a4 22. Nbd2 Qc6 23. Red1 Nf8 24. Bg5 Bxg5 25. Nxg5 Bxg2 26. f3 f6 27. Kxg2 fxg5 28. Qxe5 Re8 29. Qg3 Re2+ 30. Kh1 Nd7 31. Ne4 Rf8 32. Rg1 h6 33. Rg2 Rxg2 34. Qxg2 Ne5 35. Rf1 Rf4 36. Kh2 Qd7 37. b3 Qf5 38. Ng3 Qd3 39. d7 Qxd7 40. Ne2 Rh4 41. Qg3 Ng6 42. Rf2 Qd5 43. f4 Nxf4 44. Nxf4 Rxf4 45. Rxf4 gxf4 46. Qxf4 axb3 47. axb3 Qxb3 48. Qd2 Qc4 49. Qe3 Qd5 50. Qf4 Kh7 51. Qg3 g5 52. Qe3 Kg6 53. Qf2 Qf5 54. Qb6+ Kh5 55. Qc6 g4 56. Qe8+ Kg5 57. Qe7+ Kf4 58. Qd6+ Qe5 59. Qd2+ Kf3+ 60. Kh1 g3 61. Qd3+ Kf2 0-1

[Event "Budapest Spring op 13th"]
[Site "Budapest"]
[Date "1997.??.??"]
[Round "6"]
[White "Spyra, Wojciech"]
[Black "Bystrov, Sergej Mikhailovich"]
[Result "0-1"]
[WhiteElo "2145"]
[BlackElo "2255"]
[PlyCount "74"]
[EventDate "1997.03.??"]
[EventType "swiss"]
[EventRounds "9"]
[EventCountry "HUN"]
[SourceTitle "EXT 1998"]
[Source "ChessBase"]
[SourceDate "1997.11.17"]
[SourceVersion "1"]
[SourceVersionDate "1997.11.17"]
[SourceQuality "1"]

1. e4 c5 2. Nf3 Nc6 3. d4 cxd4 4. Nxd4 g6 5. c4 Bg7 6. Be3 Nf6 7. Nc3 Ng4 8. Qxg4 Nxd4 9. Qd1 Ne6 10. Rc1 d6 11. Be2 0-0 12. 0-0 Bd7 13. b3 Bc6 14. Nd5 Nc5 15. f3 e6 16. Nb4 Qe7 17. Qd2 Rfd8 18. Rfd1 Rac8 19. Bf4 Bf8 20. Qe1 b6 21. Rc2 Bg7 22. Qg3 e5 23. Bg5 Bf6 24. Bxf6 Qxf6 25. Rcd2 Qe7 26. Nd5 Bxd5 27. cxd5 Kh8 28. Bb5 f5 29. b4 Nd7 30. Bc6 Rc7 31. Rc2 Rdc8 32. Rdc1 Nf6 33. Qe1 Nh5 34. Ba4 b5 35. Rxc7 Rxc7 36. Rxc7 Qxc7 37. Bxb5 Qb6+ 0-1

[Event "POL-chT2"]
[Site "Augustow"]
[Date "1997.??.??"]
[Round "?"]
[White "Spyra, Wojciech"]
[Black "Lobejko, Rafal"]
[Result "0-1"]
[WhiteElo "2180"]
[BlackElo "2295"]
[PlyCount "96"]
[EventDate "1997.??.??"]
[EventType "team-tourn"]
[EventRounds "9"]
[EventCountry "POL"]
[SourceTitle "EXT 2003"]
[Source "ChessBase"]
[SourceDate "2002.11.25"]
[SourceVersion "1"]
[SourceVersionDate "2002.11.25"]
[SourceQuality "1"]

1. e4 d6 2. d4 Nf6 3. Nc3 g6 4. f4 Bg7 5. Nf3 c6 6. Bd3 0-0 7. 0-0 Qb6 8. Kh1 Bg4 9. Ne2 Nbd7 10. Be3 e5 11. Qd2 Qc7 12. h3 Bxf3 13. Rxf3 exd4 14. Bxd4 c5 15. Bxf6 Nxf6 16. c3 Rfe8 17. Ng3 h5 18. Re1 c4 19. Bc2 Re7 20. f5 Re5 21. fxg6 fxg6 22. Ref1 Rf8 23. Qd4 b5 24. Ne2 Qe7 25. Nf4 Kh7 26. Qf2 Rg5 27. Nd5 Nxd5 28. Rxf8 Bxf8 29. exd5 Bg7 30. Re1 Re5 31. Rxe5 Bxe5 32. Be4 Kg7 33. g3 Bxg3 34. Qf3 Qg5 35. Qd1 Qh4 36. Bg2 Be5 37. Qe2 Qg3 38. Kg1 Qf4 39. Bf3 a5 40. a3 Kf6 41. Bg2 a4 42. Bf3 Qf5 43. Bg2 Bg3 44. Bf3 Qe5 45. Be4 Bh4 46. Kf1 Qf4+ 47. Bf3 Qc1+ 48. Kg2 Qe1 0-1

[Event "Plock op rapid"]
[Site "Plock"]
[Date "1994.??.??"]
[Round "3"]
[White "Cichocki, Adam"]
[Black "Spyra, Wojciech"]
[Result "1-0"]
[WhiteElo "2390"]
[BlackElo "2165"]
[PlyCount "56"]
[EventDate "1994.??.??"]
[EventType "swiss"]
[EventRounds "9"]
[EventCountry "POL"]
[SourceTitle "EXT 1998"]
[Source "ChessBase"]
[SourceDate "1997.11.17"]
[SourceVersion "1"]
[SourceVersionDate "1997.11.17"]
[SourceQuality "1"]

1. d4 d5 2. c4 e6 3. Nc3 Nf6 4. Bg5 Be7 5. e3 Nbd7 6. cxd5 exd5 7. Bd3 c6 8. Nge2 0-0 9. 0-0 Re8 10. Qc2 Nf8 11. Bxf6 Bxf6 12. b4 Be6 13. b5 Rc8 14. bxc6 bxc6 15. Na4 Qd6 16. Nc5 g6 17. Rab1 Nd7 18. Rb7 a5 19. Rc1 Bd8 20. Nf4 Nxc5 21. Qxc5 Qxc5 22. Rxc5 Bg4 23. h3 g5 24. Nxd5 Be6 25. Nc3 a4 26. Bf5 Be7 27. Bxe6 fxe6 28. Re5 c5 1-0

[Event "Plock op rapid"]
[Site "Plock"]
[Date "1994.??.??"]
[Round "6"]
[White "Spyra, Wojciech"]
[Black "Slabek, Grzegorz"]
[Result "1-0"]
[WhiteElo "2165"]
[BlackElo "2245"]
[PlyCount "44"]
[EventDate "1994.??.??"]
[EventType "swiss"]
[EventRounds "9"]
[EventCountry "POL"]
[SourceTitle "EXT 1998"]
[Source "ChessBase"]
[SourceDate "1997.11.17"]
[SourceVersion "1"]
[SourceVersionDate "1997.11.17"]
[SourceQuality "1"]

1. e4 g6 2. d4 Bg7 3. Nc3 d5 4. exd5 Nf6 5. Nf3 Nxd5 6. Bc4 c6 7. 0-0 0-0 8. Bg5 h6 9. Bh4 Bg4 10. Re1 g5 11. Bg3 Nb6 12. Bb3 a5 13. a4 e6 14. Ne4 Na6 15. c3 Nd5 16. Nc5 Nxc5 17. dxc5 Re8 18. Qd3 Nf4 19. Qe3 Bxf3 20. Qxf3 e5 21. Rad1 Qe7 22. Bxf4 gxf4 1-0

[Event "Katowice Fibak op"]
[Site "Katowice"]
[Date "1993.??.??"]
[Round "1"]
[White "Spyra, Wojciech"]
[Black "Fominyh, Alexander"]
[Result "0-1"]
[WhiteElo "2215"]
[BlackElo "2505"]
[PlyCount "80"]
[EventDate "1993.01.??"]
[EventType "swiss"]
[EventRounds "9"]
[EventCountry "POL"]
[SourceTitle "EXT 1998"]
[Source "ChessBase"]
[SourceDate "1997.11.17"]
[SourceVersion "1"]
[SourceVersionDate "1997.11.17"]
[SourceQuality "1"]

1. e4 c5 2. Nf3 e6 3. Be2 Nc6 4. d4 cxd4 5. Nxd4 Nf6 6. Bf3 Qc7 7. 0-0 Be7 8. c4 a6 9. Nc3 Ne5 10. b3 b5 11. Bf4 d6 12. Rc1 b4 13. Na4 Bd7 14. Re1 0-0 15. Nb2 Rfd8 16. Be3 Be8 17. g3 Nxf3+ 18. Qxf3 Nd7 19. Nd3 Ne5 20. Qe2 Qb7 21. Bd2 a5 22. Rc2 h6 23. Bc1 a4 24. Bb2 a3 25. Ba1 g6 26. Nf4 Bf6 27. Ng2 Bg7 28. Rd2 d5 29. f4 dxc4 30. bxc4 Nc6 31. Nb5 Bxa1 32. Rxa1 Na5 33. Rb1 Qb6+ 34. Qf2 Qxf2+ 35. Rxf2 Nxc4 36. Rxb4 Rab8 37. Rxc4 Rd1+ 38. Rf1 Rxf1+ 39. Kxf1 Bxb5 40. Ne3 Rc8 0-1

[Event "Karvina op"]
[Site "Karvina"]
[Date "1992.??.??"]
[Round "5"]
[White "Szymczak, Zbigniew"]
[Black "Spyra, Wojciech"]
[Result "1-0"]
[WhiteElo "2325"]
[BlackElo "2225"]
[PlyCount "49"]
[EventDate "1992.??.??"]
[EventType "swiss"]
[EventRounds "9"]
[EventCountry "CZE"]
[SourceTitle "EXT 1997"]
[Source "ChessBase"]
[SourceDate "1996.11.15"]
[SourceVersion "1"]
[SourceVersionDate "1996.11.15"]
[SourceQuality "1"]

1. d4 d5 2. c4 e6 3. Nf3 Nf6 4. g3 Be7 5. Bg2 0-0 6. 0-0 dxc4 7. Ne5 Nc6 8. Nxc6 bxc6 9. Na3 Ba6 10. Qa4 Bb5 11. Nxb5 cxb5 12. Qxb5 Rb8 13. Qxc4 Rb4 14. Qc2 Qxd4 15. Qxc7 Bd6 16. Qc2 Be5 17. Rb1 Ng4 18. b3 Rbb8 19. Bb2 Qb6 20. Bxe5 Nxe5 21. Rbc1 Qa6 22. Rfd1 Rbc8 23. Qb2 Nc6 24. Rd6 Rfd8 25. Rcxc6 1-0

[Event "Warsaw Legion op"]
[Site "Warsaw"]
[Date "1990.??.??"]
[Round "?"]
[White "Danailov, Silvio"]
[Black "Spyra, Wojciech"]
[Result "1-0"]
[WhiteElo "2380"]
[BlackElo "2265"]
[PlyCount "68"]
[EventDate "1990.??.??"]
[EventType "swiss"]
[EventRounds "9"]
[EventCountry "POL"]
[SourceTitle "EXT 1997"]
[Source "ChessBase"]
[SourceDate "1996.11.15"]
[SourceVersion "1"]
[SourceVersionDate "1996.11.15"]
[SourceQuality "1"]

1. Nf3 Nf6 2. c4 e6 3. g3 d5 4. d4 Be7 5. Bg2 0-0 6. 0-0 dxc4 7. Nc3 c5 8. dxc5 Qa5 9. Qd4 Nc6 10. Qxc4 e5 11. Be3 Ng4 12. Bd2 Qxc5 13. Qxc5 Bxc5 14. Rac1 Be6 15. Ng5 Rad8 16. Nxe6 fxe6 17. Be1 Nd4 18. h3 Nh6 19. Be4 Nhf5 20. e3 Nc6 21. Bxc6 bxc6 22. Ne4 Bb6 23. Bb4 Rf7 24. Rxc6 Rfd7 25. Rxe6 Rd5 26. Nc3 Rd3 27. Rxe5 g6 28. Ne4 Bc7 29. Re6 Kg7 30. Bc3+ Kh6 31. Nf6 Bxg3 32. fxg3 Nxg3 33. Rf3 Nf5 34. Ng4+ Kh5 1-0

[Event "Novi Sad op"]
[Site "Novi Sad"]
[Date "1989.??.??"]
[Round "7"]
[White "Grujic, Zoran"]
[Black "Spyra, Wojciech"]
[Result "1-0"]
[WhiteElo "2230"]
[BlackElo "2310"]
[PlyCount "95"]
[EventDate "1989.??.??"]
[EventType "swiss"]
[EventRounds "9"]
[EventCountry "YUG"]
[SourceTitle "EXT 2000"]
[Source "ChessBase"]
[SourceDate "1999.11.16"]
[SourceVersion "1"]
[SourceVersionDate "1999.11.16"]
[SourceQuality "1"]

1. g3 c5 2. Bg2 Nc6 3. d3 g6 4. c4 Bg7 5. Nc3 e6 6. e3 Nge7 7. Nge2 0-0 8. 0-0 d5 9. cxd5 exd5 10. d4 cxd4 11. Nxd4 Nxd4 12. exd4 Be6 13. Bg5 f6 14. Qe2 Bf7 15. Bf4 Nc6 16. Rfd1 Qa5 17. Qb5 Qxb5 18. Nxb5 f5 19. Nd6 Be6 20. Re1 Nxd4 21. Rxe6 Nxe6 22. Bxd5 h6 23. Bxe6+ Kh7 24. Rc1 Rf6 25. Bb3 Rd8 26. Nxb7 Re8 27. Nd6 Re7 28. Nc8 Rd7 29. Be3 Ra6 30. Rc2 g5 31. Bc4 Rg6 32. Bb5 Rd1+ 33. Kg2 f4 34. Bxa7 g4 35. gxf4 h5 36. Be2 Rd7 37. b4 h4 38. h3 gxh3+ 39. Kxh3 Bh6 40. Be3 Rf6 41. b5 Bxf4 42. Bxf4 Rxf4 43. Bg4 Rd5 44. b6 Kh6 45. Rb2 Kg5 46. b7 Rd3+ 47. f3 Rxg4 48. Rb5+ 1-0

[Event "Novi Sad op"]
[Site "Novi Sad"]
[Date "1989.??.??"]
[Round "8"]
[White "Spyra, Wojciech"]
[Black "Licina, Zoran"]
[Result "0-1"]
[WhiteElo "2310"]
[BlackElo "2250"]
[PlyCount "76"]
[EventDate "1989.??.??"]
[EventType "swiss"]
[EventRounds "9"]
[EventCountry "YUG"]
[SourceTitle "EXT 2000"]
[Source "ChessBase"]
[SourceDate "1999.11.16"]
[SourceVersion "1"]
[SourceVersionDate "1999.11.16"]
[SourceQuality "1"]

1. e4 c5 2. Nf3 d6 3. d4 cxd4 4. Nxd4 Nf6 5. Nc3 a6 6. Be3 e5 7. Nb3 Be6 8. Qd2 Nbd7 9. 0-0-0 b5 10. f3 Be7 11. g4 0-0 12. h4 Nb6 13. h5 b4 14. Ne2 Nc4 15. Qd3 Nxe3 16. Qxe3 Nxg4 17. Qg1 Bg5+ 18. Kb1 Ne3 19. Rd3 Nxf1 20. Qxf1 Bc4 21. Rd1 Rc8 22. Qg2 h6 23. Ng3 Rc6 24. Nf5 Qc7 25. f4 Bxb3 26. cxb3 exf4 27. Qd2 Bf6 28. Rc1 Rc8 29. Rc4 Rxc4 30. bxc4 Qxc4 31. Nxd6 Qc6 32. Rd1 Rc7 33. Re1 Rd7 34. e5 Bxe5 35. Rxe5 Rxd6 36. Re8+ Kh7 37. Qc2+ g6 38. Re4 f3 0-1